000 00695cab a2200181 4500
001 L135839
008 061213n2006 000 0 eng u
035 _a(Sirsi) u135839
041 0 _aeng
100 1 _aLamond, Jessica
245 0 0 _aDoes the price impact of flooding fade away?
260 _c2006
490 0 _aStructural Survey
_v24(5) 2006, 363-377(15)
520 _aLooks at the potential impact on property prices of severe flood events and argues that there is only expected to be a temporary effect when likely future recovery is taken into account.
690 _aENVIRONMENTAL AND LAND CONSULTANCY-WATER RESOURCE MANAGEMENT-FLOODING
700 1 _aProverbs, David G.
942 _n0
999 _c78030
_d78030